000 00908cam a22003017a 4500
003 CHAP
005 20220817041304.0
008 971013s1968 r 00010 d
010 _a10466
011 _a11438
035 _a10676
040 _cCHAP
082 _a519.92
_bC4
100 0 0 _aChamberlain, R. L.
_921763
245 1 4 _aThe OMNITAB programing system ; a guide for users
260 _aHouston. :
_bHouston Data Service Center. Shell Oil Company,
_c1968
300 _a120 p
590 _aBATCH-UPD
_b10
_c20130110
_lUCH01
_h1952
590 _aBATCH-UPD
_b10
_c20130410
_lUCH01
_h1313
590 _aBATCH-UPD
_b10
_c20130914
_lUCH01
_h0918
590 _aCONVERSION
_b10
_c20130109
_lUCH01
_h1307
650 1 4 _aOMNITAB.
_983286
650 1 4 _aProgramación.
700 0 _aJowett, D.
_962238
901 _aBK
942 _cLIBRO
949 _a519.92 C4
_bBC
_cLIBRO
_d33724000445268
_eLIBRO
_h12320
_i10676
_si
999 _c10466
_d10466